Statistics for Djibouti First Level Subdivisions

Click here to take the quiz!

General Stats

  • This quiz has been taken 45 times
  • The average score is 3 of 6

Answer Stats

Régions % Correct
Djibouti
100%
Arta
50%
Ali Sabieh
40%
Tadjourah
40%
Dikhil
30%
Obock
30%

Score Distribution

Percentile by Number Answered

Percent of People with Each Score

Your Score History

You have not taken this quiz